Kontrola zamestnancov

Kontrola zamestnancov je jednou z hlavných riadiacich funkcií - predstavuje konečný článok v reťazci manažérskych postupov. Úlohou manažéra v tejto fáze riadenia je určiť mieru odchýlky medzi očakávaným a reálnym stavom výkonu, ale aj správania sa zamestnanca. Významné a menej významné odchýlky. Kon...

Description complète

Enregistré dans:
Détails bibliographiques
Auteur principal: Gažová Adamková, Hana, 1969-
Format: Chapitre de livre
Langue:slovaque
Sujets:
Tags: Ajouter un tag
Pas de tags, Soyez le premier à ajouter un tag!

MARC

LEADER 00000naa$a2200000$$$4500
001 0074943
005 20240502071900.7
041 0 |a slo 
044 |a SK 
245 1 0 |a Kontrola zamestnancov  |c Hana Gažová Adamková 
520 |a Kontrola zamestnancov je jednou z hlavných riadiacich funkcií - predstavuje konečný článok v reťazci manažérskych postupov. Úlohou manažéra v tejto fáze riadenia je určiť mieru odchýlky medzi očakávaným a reálnym stavom výkonu, ale aj správania sa zamestnanca. Významné a menej významné odchýlky. Kontrola ako súčasť pracovného procesu. 
610 2 0 |a zamestnanci 
610 2 0 |a kontrola 
610 2 0 |a proces pracovný 
610 2 0 |a manažéri 
100 1 |a Gažová Adamková, Hana, 1969-